Comentario a la Nueva estafeta de los muertos del doctor D. Emilio Pi y Molist / (Record no. 163099)

MARC details
000 -LEADER
campo de control de longitud fija 00955nam a2200217 i 4500
001 - NÚMERO DE CONTROL
campo de control 163099
003 - IDENTIFICADOR DE NÚMERO DE CONTROL
campo de control ES-MaACL
005 - FECHA Y HORA DE LA ÚLTIMA TRANSACCIÓN
campo de control 20251002204600.0
008 - DATOS DE LONGITUD FIJA--INFORMACIÓN GENERAL
campo de control de longitud fija 050707s1892 sp | |||||||| ||spa d
100 1# - ENTRADA PRINCIPAL--NOMBRE DE PERSONA
Nombre de persona Recio de Tirteafuera, Pedro.
9 (RLIN) 131648
245 10 - MENCIÓN DEL TÍTULO
Título Comentario a la Nueva estafeta de los muertos del doctor D. Emilio Pi y Molist /
Mención de responsabilidad, etc. por el doctor Pedro Recio de Tirteafuera.
250 ## - MENCION DE EDICION
Mención de edición 2ª ed., hecha en obsequio al autor.
260 ## - PUBLICACIÓN, DISTRIBUCIÓN, ETC.
Lugar de publicación, distribución, etc. Madrid :
Nombre del editor, distribuidor, etc. [s.n.],
Fecha de publicación, distribución, etc. 1892 (
Fabricante Estab. Tip. de Fortanet)
300 ## - DESCRIPCIÓN FÍSICA
Extensión 44, [3] p., [1] h. de lám. :
Otras características físicas il. ;
Dimensiones 24 cm.
600 17 - PUNTO DE ACCESO ADICIONAL DE MATERIA--NOMBRE DE PERSONA
Nombre de persona Pí y Molist, Emilio,
Fechas asociadas al nombre 1824-1892
Fuente del encabezamiento o término
9 (RLIN) 131117
650 #4 - PUNTO DE ACCESO ADICIONAL DE MATERIA--TÉRMINO DE MATERIA
Término de materia o nombre geográfico como elemento de entrada Medicina-
Subdivisión geográfica España-
Subdivisión cronológica S.XVI.
9 (RLIN) 148884
740 02 - ENTRADA AGREGADA--TÍTULO RELACIONADO/ANALÍTICO NO CONTROLADO
Título relacionado o analítico no controlado Nueva estafeta de los muertos.
852 ## - LOCALIZACIÓN
Ubicación ES-MaACL
Número de control de estantería T-1111-F-8
Nota libre - Enc. hol. conservando la original
-- - Enc. en un vol. facticio
856 ## - LOCALIZACIÓN Y ACCESO ELECTRÓNICOS
Identificador Uniforme de Recursos <a href="http://bdh-rd.bne.es/viewer.vm?id=0000075922&page=1 ">http://bdh-rd.bne.es/viewer.vm?id=0000075922&page=1 </a>
Nota pública Biblioteca Digital Hispánica
Holdings
Estatus retirado Estado de pérdida Estado de daño No para préstamo Colección Biblioteca de origen Biblioteca actual Ubicación en estantería Fecha de adquisición Total de préstamos Signatura topográfica completa Código de barras Visto por última vez Precio de reemplazo Tipo de ítem Koha
        Colección de folletos Biblioteca del Ateneo de Madrid Biblioteca del Ateneo de Madrid Depósito folletos 17/01/2008   T-1111-F-8 1170906 23/02/2023 23/02/2023 Folleto